Những phụ nữ nổi tiếng thế kỷ 20
v.v...
Đã lưu trong:
| Định dạng: | Sách |
|---|---|
| Năm xuất bản: |
H.
Văn học
|
| Chủ đề: | |
| Tags: |
Thêm thẻ
Không có thẻ, Hãy là người đầu tiên gắn thẻ bản ghi này!
|
| LEADER | 00509nam a2200145 4500 | ||
|---|---|---|---|
| 082 | |a 305.4 |b NH556ph | ||
| 100 | |a | ||
| 245 | |a Những phụ nữ nổi tiếng thế kỷ 20 |c | ||
| 260 | |a H. |b Văn học | ||
| 300 | |a 183 tr. |c 31 cm. | ||
| 520 | |a v.v... | ||
| 653 | |a Phụ nữ thế giới | ||
| 942 | |2 ddc |c SH | ||
| 999 | |c 8504 |d 8504 | ||
| 952 | |0 0 |1 0 |2 ddc |4 0 |6 305_400000000000000_NH556PH |7 0 |8 300 |9 70232 |a qbu |b qbu |c D2 |d 2015-04-09 |g 36000 |o 305.4 NH556ph. |p 8788.c1 |r 0000-00-00 |w 2015-04-09 |y SH |0 0 |6 305_400000000000000_NH556PH | ||